| 000 | 00646nam a2200229 a 4500 | ||
|---|---|---|---|
| 008 | |||
| 020 | _a0412364700 (pbk.) | ||
| 049 | _aMAIN | ||
| 090 | _aQK604 | ||
| 100 | 1 | _aIsaac, Susan. | |
| 245 | 1 | 0 |
_aFungal-plant interactions / _cSusan Isaac. |
| 260 |
_aLondon : _bChapman & Hall, _c1992. |
||
| 300 |
_axii, 418 p. : _bill. ; _c24 cm. |
||
| 504 | _aIncludes bibliographical references. | ||
| 500 | _aIncludes index. | ||
| 650 | 0 | _aPlant-fungi relationships. | |
| 907 |
_a.b10121894 _b17-05-04 _c15-05-04 |
||
| 003 | |||
| 005 | 20230123133715.0 | ||
| 040 | _cNUST | ||
| 942 |
_cBOOKS _kQK604 |
||
| 999 |
_c153246 _d153246 |
||